|
|
|
|
| LEADER |
00000nam0a2200000 4500 |
| 001 |
300919 |
| 005 |
20231102001341.0 |
| 035 |
|
|
|a (RuTPU)RU\TPU\book\326072
|
| 090 |
|
|
|a 300919
|
| 100 |
|
|
|a 20150720d1982 k y0rusy50 ca
|
| 101 |
0 |
|
|a rus
|
| 102 |
|
|
|a RU
|
| 105 |
|
|
|a a z 001zy
|
| 200 |
1 |
|
|a Системный подход к выбору параметров оборудования АЭС
|e [сборник]
|f Академия наук СССР (АН СССР), Сибирское отделение (СО), Сибирский энергетический институт им. Л. А. Мелентьева (СИЭ)
|
| 210 |
|
|
|a Иркутск
|c [Б. и.]
|d 1982
|
| 215 |
|
|
|a 157 с.
|c ил.
|
| 320 |
|
|
|a Библиография в конце статей
|
| 606 |
1 |
|
|a Атомные электрические станции
|x Оборудование
|2 stltpush
|3 (RuTPU)RU\TPU\subj\29747
|9 53015
|
| 610 |
1 |
|
|a параметры
|
| 610 |
1 |
|
|a системный подход
|
| 610 |
1 |
|
|a ядерная энергетика
|
| 610 |
1 |
|
|a математические модели
|
| 610 |
1 |
|
|a термоядерные электростанции
|
| 610 |
1 |
|
|a системный анализ
|
| 610 |
1 |
|
|a оптимизация
|
| 675 |
|
|
|a 621.311.25:621.039.002.5
|v 4
|
| 712 |
0 |
2 |
|a Академия наук СССР (АН СССР)
|b Сибирское отделение (СО)
|b Сибирский энергетический институт им. Л. А. Мелентьева (СИЭ)
|c (Иркутск)
|c (1960-1991)
|2 stltpush
|3 (RuTPU)RU\TPU\col\11908
|
| 801 |
|
1 |
|a RU
|b 63413507
|c 20150720
|
| 801 |
|
2 |
|a RU
|b 63413507
|c 20180629
|g RCR
|
| 942 |
|
|
|c BK
|